The Rent Restrictions Acts 1920-1939 (Record no. 86116)

MARC details
000 -LEADER
fixed length control field 00429cam a2200169 4500
001 - CONTROL NUMBER
control field D12672
008 - FIXED-LENGTH DATA ELEMENTS--GENERAL INFORMATION
fixed length control field 090401t1946 xxu||||| |||| 00| 0 eng d
035 ## - SYSTEM CONTROL NUMBER
System control number (Sirsi) u5067
041 ## - LANGUAGE CODE
Language code of text/sound track or separate title eng
100 ## - MAIN ENTRY--PERSONAL NAME
Personal name Edwards, H. Russell
245 #4 - TITLE STATEMENT
Title The Rent Restrictions Acts 1920-1939
260 ## - PUBLICATION, DISTRIBUTION, ETC.
Place of publication, distribution, etc. Liverpool
Name of publisher, distributor, etc. The Auctioneers` and Estate Agents Insti
Date of publication, distribution, etc. 1946
350 ## - PRICE (NR) (BK AM CF MU VM SE) [OBSOLETE]
Price 0
520 ## - SUMMARY, ETC.
Summary, etc. Shelf 115
942 ## - ADDED ENTRY ELEMENTS (KOHA)
Suppress in OPAC 0
948 ## - LOCAL PROCESSING INFORMATION (OCLC); SERIES PART DESIGNATOR (RLIN)
c (OCLC) 04/03/1997
Holdings
Withdrawn status Lost status Source of classification or shelving scheme Damaged status Not for loan Home library Current library Shelving location Date acquired Total Checkouts Full call number Barcode Date last seen Copy number Price effective from Koha item type
    Other/Generic Classification Scheme     London London Basement 14/09/1999   SHELF 115 30009629 06/08/2019 1 06/08/2019 Reference material